ر ا لی (Record no. 95324)

MARC details
000 -LEADER
fixed length control field 00612nam a22002177a 4500
005 - DATE AND TIME OF LATEST TRANSACTION
control field 20150729124041.0
008 - FIXED-LENGTH DATA ELEMENTS--GENERAL INFORMATION
fixed length control field 140714b xxu||||| |||| 00| 0 Urdu d
010 ## - LCCN (DPL NO)
LC control number UR-9255
020 q# - INTERNATIONAL STANDARD BOOK NUMBER
Terms of availability 100.00
035 ## - SYSTEM CONTROL NUMBER
System control number U-7810
037 ## - SOURCE OF ACQUISITION
Source of stock number/acquisition DBAD/Pub.
040 ## - CATALOGING SOURCE
Original cataloging agency DPL
Language of cataloging Urdu
082 ## - DEWEY DECIMAL CLASSIFICATION NUMBER
Classification number ن
100 ## - MAIN ENTRY--PERSONAL NAME
Personal name پر يم شنکر کھر ے
245 ## - TITLE STATEMENT
Title ر ا لی
Statement of responsibility, etc پر يم شنکر کھر ے
246 ## - VARYING FORM OF TITLE
Title proper/short title Rali
Remainder of title By Prem Shanker Kharey
260 ## - PUBLICATION, DISTRIBUTION, ETC. (IMPRINT)
Place of publication, distribution, etc Alahabad
Date of publication, distribution, etc 2010
Name of publisher, distributor, etc Educational Form
270 ## - ADDRESS
Address C-3 Gulab Bardi,Colony
City Alahabad
Postal code -
Telephone number -
300 ## - PHYSICAL DESCRIPTION
Extent 112ص
Dimensions 22Cm (Hb)
942 ## - ADDED ENTRY ELEMENTS (KOHA)
Source of classification or shelving scheme Dewey Decimal Classification
Item type Urdu Bks
Edition
Classification part ن
Call number suffix ک ھ ر
Holdings
Withdrawn status Lost status Source of classification or shelving scheme Damaged status Not for loan Collection code Home library Current library Date acquired Source of acquisition Cost, normal purchase price Total Checkouts Full call number Barcode Date last seen Copy number Cost, replacement price Koha item type
    Dewey Decimal Classification   Not For Loan Fiction D.B.Act.Division D.B.Act.Division 29/07/2015 DBAD/Pub. 100.00   ن ک ھ ر U-7810 29/07/2015 1 100.00 Urdu Bks

© Delhi Public Library
Hit Counter
free hit counter